000 00904nam a2200253Ia 4500
005 20220317001229.0
008 160825s2004 ck g 000 0 spa
020 _a9589298982
082 0 4 _a025
_bC17f
100 1 _aCasilimas Rojas, Clara Inés
245 1 0 _aFondos acumulados, manual de organización
_cClara Inés Casilimas Rojas, Juan Carlos Ramírez Moreno
250 _a1a. edición
300 _a80 páginas
_c24 cm
610 _aArchivo General de la Nación (Colombia)
_967934
650 1 4 _2LEMB
_aOrganización de archivos
650 1 4 _2LEMB
_aFondos acumulados (Archivos)
_xOrganización.
700 1 _aRamírez Moreno, Juan Carlos
_967937
942 _2ddc
_cBK
264 _aBogotá
_bArchivo General de la Nación
_c2004
336 _atexto
_btxt
_2rdacontent
337 _asin mediación
_bn
_2rdamedia
338 _avolumen
_bnc
_2rdacarrier
040 _aCO-BoRNBP
_bspa
_erda
_cCO-BoRNBP
999 _c6320
_d6320